<?xml version="1.0" encoding="UTF-8"?>
<record
    xmlns:xsi="http://www.w3.org/2001/XMLSchema-instance"
    xsi:schemaLocation="http://www.loc.gov/MARC21/slim http://www.loc.gov/standards/marcxml/schema/MARC21slim.xsd"
    xmlns="http://www.loc.gov/MARC21/slim">

  <leader>00346nam a2200145Ia 4500</leader>
  <controlfield tag="008">150201s2012    xx            000 0 und d</controlfield>
  <datafield tag="082" ind1=" " ind2=" ">
    <subfield code="a">612.015</subfield>
    <subfield code="b">B12M</subfield>
  </datafield>
  <datafield tag="100" ind1=" " ind2=" ">
    <subfield code="a">MALHOTRA , V.K.</subfield>
  </datafield>
  <datafield tag="245" ind1=" " ind2=" ">
    <subfield code="a">BIOCHEMISTRY FOR STUDENTS</subfield>
  </datafield>
  <datafield tag="250" ind1=" " ind2=" ">
    <subfield code="a">12TH</subfield>
  </datafield>
  <datafield tag="260" ind1=" " ind2=" ">
    <subfield code="b">JAYPEE</subfield>
    <subfield code="a">DELHI</subfield>
    <subfield code="c">2012</subfield>
  </datafield>
  <datafield tag="300" ind1=" " ind2=" ">
    <subfield code="a">1-406</subfield>
  </datafield>
  <datafield tag="650" ind1=" " ind2=" ">
    <subfield code="a">BIOCHEMISTRY</subfield>
  </datafield>
  <datafield tag="942" ind1=" " ind2=" ">
    <subfield code="2">ddc</subfield>
    <subfield code="c">BK</subfield>
    <subfield code="0">53</subfield>
  </datafield>
  <datafield tag="952" ind1=" " ind2=" ">
    <subfield code="0">0</subfield>
    <subfield code="1">0</subfield>
    <subfield code="2">ddc</subfield>
    <subfield code="4">0</subfield>
    <subfield code="7">0</subfield>
    <subfield code="8">MEDICAL</subfield>
    <subfield code="a">FM</subfield>
    <subfield code="b">FM</subfield>
    <subfield code="c">TXT</subfield>
    <subfield code="d">2014-01-23</subfield>
    <subfield code="e">ABC DELHI</subfield>
    <subfield code="g">350.00</subfield>
    <subfield code="i">SGTU</subfield>
    <subfield code="l">10</subfield>
    <subfield code="o">612.015 B12M</subfield>
    <subfield code="p">FM5728</subfield>
    <subfield code="r">2026-03-28 00:00:00</subfield>
    <subfield code="s">2026-03-17</subfield>
    <subfield code="w">2014-02-11</subfield>
    <subfield code="y">BK</subfield>
    <subfield code="k">4209</subfield>
  </datafield>
  <datafield tag="952" ind1=" " ind2=" ">
    <subfield code="0">0</subfield>
    <subfield code="1">0</subfield>
    <subfield code="2">ddc</subfield>
    <subfield code="4">0</subfield>
    <subfield code="7">0</subfield>
    <subfield code="8">MEDICAL</subfield>
    <subfield code="a">FM</subfield>
    <subfield code="b">FM</subfield>
    <subfield code="c">TXT</subfield>
    <subfield code="d">2014-01-23</subfield>
    <subfield code="e">ABC DELHI</subfield>
    <subfield code="g">350.00</subfield>
    <subfield code="i">SGTU</subfield>
    <subfield code="l">40</subfield>
    <subfield code="o">612.015 B12M</subfield>
    <subfield code="p">FM5729</subfield>
    <subfield code="r">2026-04-01 00:00:00</subfield>
    <subfield code="s">2026-03-20</subfield>
    <subfield code="w">2014-02-11</subfield>
    <subfield code="y">BK</subfield>
    <subfield code="k">4209</subfield>
  </datafield>
  <datafield tag="952" ind1=" " ind2=" ">
    <subfield code="0">0</subfield>
    <subfield code="1">0</subfield>
    <subfield code="2">ddc</subfield>
    <subfield code="4">0</subfield>
    <subfield code="7">0</subfield>
    <subfield code="8">MEDICAL</subfield>
    <subfield code="a">FM</subfield>
    <subfield code="b">FM</subfield>
    <subfield code="c">TXT</subfield>
    <subfield code="d">2014-01-23</subfield>
    <subfield code="e">ABC DELHI</subfield>
    <subfield code="g">350.00</subfield>
    <subfield code="i">SGTU</subfield>
    <subfield code="l">25</subfield>
    <subfield code="o">612.015 B12M</subfield>
    <subfield code="p">FM5730</subfield>
    <subfield code="r">2026-01-30 00:00:00</subfield>
    <subfield code="s">2026-01-16</subfield>
    <subfield code="w">2014-02-11</subfield>
    <subfield code="y">BK</subfield>
    <subfield code="k">4209</subfield>
  </datafield>
  <datafield tag="952" ind1=" " ind2=" ">
    <subfield code="0">0</subfield>
    <subfield code="1">0</subfield>
    <subfield code="2">ddc</subfield>
    <subfield code="4">0</subfield>
    <subfield code="7">0</subfield>
    <subfield code="8">MEDICAL</subfield>
    <subfield code="a">FM</subfield>
    <subfield code="b">FM</subfield>
    <subfield code="c">TXT</subfield>
    <subfield code="d">2014-01-23</subfield>
    <subfield code="e">ABC DELHI</subfield>
    <subfield code="g">350.00</subfield>
    <subfield code="i">SGTU</subfield>
    <subfield code="l">16</subfield>
    <subfield code="o">612.015 B12M</subfield>
    <subfield code="p">FM5731</subfield>
    <subfield code="r">2026-04-20 00:00:00</subfield>
    <subfield code="s">2026-04-06</subfield>
    <subfield code="w">2014-02-11</subfield>
    <subfield code="y">BK</subfield>
    <subfield code="k">4209</subfield>
  </datafield>
  <datafield tag="952" ind1=" " ind2=" ">
    <subfield code="0">0</subfield>
    <subfield code="1">0</subfield>
    <subfield code="2">ddc</subfield>
    <subfield code="4">0</subfield>
    <subfield code="7">0</subfield>
    <subfield code="8">MEDICAL</subfield>
    <subfield code="a">FM</subfield>
    <subfield code="b">FM</subfield>
    <subfield code="c">TXT</subfield>
    <subfield code="d">2014-01-23</subfield>
    <subfield code="e">ABC DELHI</subfield>
    <subfield code="g">350.00</subfield>
    <subfield code="i">SGTU</subfield>
    <subfield code="l">0</subfield>
    <subfield code="o">612.015 B12M</subfield>
    <subfield code="p">FM5732</subfield>
    <subfield code="r">2015-02-09 00:00:00</subfield>
    <subfield code="w">2014-02-11</subfield>
    <subfield code="y">BK</subfield>
    <subfield code="k">4209</subfield>
  </datafield>
  <datafield tag="999" ind1=" " ind2=" ">
    <subfield code="c">1635</subfield>
    <subfield code="d">1635</subfield>
  </datafield>
</record>
